| 000 | 00735nam a22002657a 4500 | ||
|---|---|---|---|
| 008 | 130605b xxu||||| |||| 00| 0 eng d | ||
| 020 | _a0-521-64656-1 | ||
| 024 | _cavailable | ||
| 037 | _cavailable | ||
| 040 |
_ambstu library _dmbstu library |
||
| 082 |
_222 _a428.4 ROC |
||
| 100 | _aRoberts, Paul | ||
| 110 | _a | ||
| 245 | _aCambridge first Certificate reading | ||
| 250 | _aNew Edition | ||
| 260 |
_aNew york _bCambridge University press _c2002 |
||
| 300 |
_a19 cm _b119 page _f1 _g19 cm |
||
| 600 |
_2 English Language _a English Language |
||
| 700 | _aRoberts, Paul | ||
| 710 | _a | ||
| 270 |
_aNew York _bNew York _dUSA |
||
| 365 |
_b1055.00 _d1055.00 |
||
| 942 |
_2ddc _cBK |
||
| 999 |
_c432 _d432 |
||